The pigman / (Record no. 8373)
[ view plain ]
| 000 -LEADER | |
|---|---|
| fixed length control field | 00988cam a2200313 a 4500 |
| 001 - CONTROL NUMBER | |
| JCCL Control Number | 8373 |
| 003 - CONTROL NUMBER IDENTIFIER | |
| JCCL marc code | BD-JhCC |
| 005 - DATE AND TIME OF LATEST TRANSACTION | |
| control field | 20180621124324.0 |
| 008 - FIXED-LENGTH DATA ELEMENTS--GENERAL INFORMATION | |
| fixed length control field | 910925r19921991nyuab j 000 0aeng |
| 020 ## - INTERNATIONAL STANDARD BOOK NUMBER | |
| International Standard Book Number | 0060208570 : |
| Terms of availability | $14.00 ($18.75 CDN) |
| 020 ## - INTERNATIONAL STANDARD BOOK NUMBER | |
| International Standard Book Number | 0060208589 (lib. bdg.) |
| 035 ## - SYSTEM CONTROL NUMBER | |
| system control number | (BD-JhCC)8373 |
| 040 ## - CATALOGING SOURCE | |
| Original cataloging agency | DLC |
| Transcribing agency | DLC |
| Modifying agency | DLC |
| -- | BD-JhCC |
| 041 ## - LANGUAGE CODE | |
| Language code of Book | eng |
| 050 00 - LIBRARY OF CONGRESS CALL NUMBER | |
| Classification number | PS3576.I518 |
| Item number | Z47 1992 |
| 082 00 - DEWEY DECIMAL CLASSIFICATION NUMBER | |
| Classification number | 812/.54 |
| -- | B |
| DDC Edition number | 20 |
| Author mark and Year | ZIN 1992 |
| 100 1# - MAIN ENTRY--PERSONAL NAME | |
| Personal name | Zindel, Paul. |
| 245 14 - TITLE STATEMENT | |
| Title | The pigman / |
| Statement of responsibility, etc | Paul Zindel. |
| 250 ## - EDITION STATEMENT | |
| Edition statement | 1st American ed. |
| 260 ## - PUBLICATION, DISTRIBUTION, ETC. (IMPRINT) | |
| Place of publication, distribution, etc | New York : |
| Name of publisher, distributor, etc | HarperCollins, |
| Date of publication, distribution, etc | 1992. |
| 300 ## - PHYSICAL DESCRIPTION | |
| Pagination | 182 p. : |
| Other physical details | ill., map ; |
| Dimensions | 22 cm. |
| 600 10 - SUBJECT ADDED ENTRY--PERSONAL NAME | |
| Personal name | Zindel, Paul |
| General subdivision | Childhood and youth |
| 600 11 - SUBJECT ADDED ENTRY--PERSONAL NAME | |
| Personal name | Zindel, Paul |
| General subdivision | Childhood and youth. |
| 650 #0 - SUBJECT ADDED ENTRY--TOPICAL TERM | |
| Topical term or geographic name as entry element | Authors, American |
| Chronological subdivision | 20th century |
| Form subdivision | Biography |
| -- | Juvenile literature. |
| 650 #1 - SUBJECT ADDED ENTRY--TOPICAL TERM | |
| Topical term or geographic name as entry element | Authors, American. |
| 651 #0 - SUBJECT ADDED ENTRY--GEOGRAPHIC NAME | |
| Geographic name | Staten Island (New York, N.Y.) |
| General subdivision | Social life and customs |
| Form subdivision | Juvenile literature. |
| 942 ## - ADDED ENTRY ELEMENTS (KOHA) | |
| Source of classification or shelving scheme | Dewey Decimal Classification |
| Koha item type | Books |
| Source of classification or shelving scheme | Damaged status | Not for loan | Home library | Current library | Shelving location | Total Checkouts | Full call number | Barcode | Date last seen | Copy number | Koha item type |
|---|---|---|---|---|---|---|---|---|---|---|---|
| Dewey Decimal Classification | JCC Rouf Library | JCC Rouf Library | General Stacks | 812/.54 ZIN 1992 | 9305 | 02/22/2018 | C - 1 | Books |